|
|
|
|
| LEADER |
01317nam a22003735i 4500 |
| 001 |
978-94-6209-326-3 |
| 003 |
DE-He213 |
| 005 |
20151204174225.0 |
| 007 |
cr nn 008mamaa |
| 008 |
131231s2013 ne | s |||| 0|eng d |
| 020 |
|
|
|a 9789462093263
|9 978-94-6209-326-3
|
| 024 |
7 |
|
|a 10.1007/978-94-6209-326-3
|2 doi
|
| 040 |
|
|
|d GrThAP
|
| 050 |
|
4 |
|a L1-991
|
| 072 |
|
7 |
|a JN
|2 bicssc
|
| 072 |
|
7 |
|a EDU000000
|2 bisacsh
|
| 082 |
0 |
4 |
|a 370
|2 23
|
| 100 |
1 |
|
|a Virkkunen, Jaakko.
|e author.
|
| 245 |
1 |
4 |
|a The Change Laboratory
|h [electronic resource] :
|b A Tool for Collaborative Development of Work and Education /
|c by Jaakko Virkkunen, Denise Shelley Newnham.
|
| 264 |
|
1 |
|a Rotterdam :
|b SensePublishers :
|b Imprint: SensePublishers,
|c 2013.
|
| 300 |
|
|
|a Approx. 270 p.
|b online resource.
|
| 336 |
|
|
|a text
|b txt
|2 rdacontent
|
| 337 |
|
|
|a computer
|b c
|2 rdamedia
|
| 338 |
|
|
|a online resource
|b cr
|2 rdacarrier
|
| 347 |
|
|
|a text file
|b PDF
|2 rda
|
| 650 |
|
0 |
|a Education.
|
| 650 |
1 |
4 |
|a Education.
|
| 650 |
2 |
4 |
|a Education, general.
|
| 700 |
1 |
|
|a Newnham, Denise Shelley.
|e author.
|
| 710 |
2 |
|
|a SpringerLink (Online service)
|
| 773 |
0 |
|
|t Springer eBooks
|
| 856 |
4 |
0 |
|u http://dx.doi.org/10.1007/978-94-6209-326-3
|z Full Text via HEAL-Link
|
| 912 |
|
|
|a ZDB-2-SHU
|
| 950 |
|
|
|a Humanities, Social Sciences and Law (Springer-11648)
|